00874nam a2200241Ia 4500001000600000003000900006008004100015040001300056040001300069041001300082100002100095100002900116245003500145245006200180250001100242260001000253260001300263260004900276300005900325500019300384650002400577650003100601 8052IT-RoPAU130308s9999 xx 000 0 und d aIT-RoPAU cIT-RoPAU aFRANCESE aFloch Jean-Marie gCodice Aut. SPICS: 6587 aCommunication ou manipulation? bIntroduction a L'Analyse Du Discours En Sciences Sociales a1a ed. aPARIS bHachette c1979 [1° Ed.:1979 - Ed.Ling.Originale:1979] a"16 p. (prefazione: no ; testo: 16 [pagine: 177-192])" aComunicazione o Manipolazione? Analisi di un Discorso Socio Estetico di Pierre Francastel significazione e figurazione Soggetto Epistemico e Soggetto Scientifico Strategia dell'Enunciatore aSAGGI DI SEMIOLOGIA eCodice materia Spics: 3257